00517nam a2200121Ia 4500008004100000100001900041245011200060245003300172260000900205300002700214440005200241650010200293171207s9999 xx 000 0 und d aRoberts, Chris aDining Behaviors: Considering A Foodservice Theory Of In-Home, Local Community, And Eating While Traveling  cChris Roberts, Linda J. Shea c2017 apages 393-97, May 2017 aJournal of Hospitality & Tourism Researchv41:4 aIN-HOME DINING, DINING THEORY, FOODSERVICE THEORY, DINING WHILE TRAVELING, LOCAL COMMUNITY DINING